| 000 | 00762nam a2200217 i 4500 | ||
|---|---|---|---|
| 999 |
_c7724 _d7724 |
||
| 001 | 991058478168306706 | ||
| 003 | OSt | ||
| 005 | 20230515114438.0 | ||
| 006 | m o d | | ||
| 007 | cr ||||||||||| | ||
| 008 | 201029s2019 sp a ob 000 0 spa d | ||
| 040 |
_aCDMR _cCDMR _bcat |
||
| 110 | 2 |
_9133 _aCol·legi de Periodistes de Catalunya |
|
| 245 | 1 | 0 |
_aGuia fiscal i laboral del freelance: _bper a periodistes i comunicadors/es / _cCol·legi de Periodistes de Catalunya |
| 264 | 1 | _c[2022] | |
| 300 | _a1 recurs electrònic (26 pàgines) | ||
| 650 | 0 |
_aPeriodisme independent _93693 _xImpostos |
|
| 650 | 0 |
_aImpost sobre activitats econòmiques _94839 |
|
| 856 |
_zAccés en línia _uhttps://omeka.periodistes.cat/items/show/687 |
||
| 942 |
_2udc _cRECURS_WEB |
||